000 00708nam a2200253Ia 4500
003 OSt
005 20220924131943.0
006 a|||||r|||| 00| 0
007 ta
008 220923b |||||||| |||| 00| 0 tel d
020 _cRs.30
024 _a347701
037 _cTextual
040 _aARTS
_cARTS
_btel
041 _2tel
_atel
082 _aO35,3NVEN2,1, N3
100 _aLanka Venkateswara Rao Au.
_9203359
245 0 _aPrema...!Oh Prema...!!
260 _aVijayawada
_bSanti Sree Publications India
_c1958
300 _a196p.
_ccm.
650 _aTELUGU LITERATURE
942 _hO35,3NVEN2,1, N3
_cTEXL
_2CC
999 _c428746
_d428746